[Event "Aeroflot Open A"]
[Site "Moscow RUS"]
[Date "2011.02.15"]
[Round "8"]
[White "Ni, Hua"]
[Black "Romanov, Evgeny"]
[Result "1/2-1/2"]
[WhiteTitle "GM"]
[BlackTitle "GM"]
[WhiteElo "2645"]
[BlackElo "2606"]
[WhiteFideId "8601160"]
[BlackFideId "4148843"]
[EventDate "2011.02.08"]

1. e4 c5 2. Nf3 e6 3. d4 cxd4 4. Nxd4 Nc6 5. Nc3 Qc7 6. Be2 Nf6 7. O-O a6 8. Be3
Bb4 9. Na4 Be7 10. Nxc6 bxc6 11. Nb6 Rb8 12. Nxc8 Qxc8 13. Bd4 O-O 14. e5 Nd5
15. b3 f6 16. Qd2 c5 17. exf6 Bxf6 18. Bxf6 Rxf6 19. Rad1 Qc6 20. Kh1 Rbf8 21.
c4 Ne7 22. Bg4 Rf4 23. h3 Rd4 24. Qe3 Rff4 25. b4 Qd6 26. Rxd4 Qxd4 27. Rd1 Qxe3
28. fxe3 Rxc4 29. Rxd7 Kf7 30. bxc5 Rxc5 31. Rd6 Re5 32. Rxa6 Rxe3 33. Kg1 Nf5
34. Ra4 Kf6 35. Bf3 g6 36. Kf2 Rc3 37. Ke2 e5 38. Kd2 Rc7 39. Rb4 Nd4 40. Be4
Ra7 41. a4 Kg5 42. g3 Nf5 43. Bd3 Kf6 44. g4 Nd4 45. Ke3 Kg5 46. Ke4 Kh4 47. Bb5
Ra5 48. Rb1 Kxh3 49. g5 Kh4 50. Kxe5 Nxb5 51. axb5 Kxg5 52. Kd6 Kf4 53. b6 Ra6
54. Kc7 g5 55. b7 Ra7 56. Kd6 Rxb7 57. Rxb7 g4 58. Rb4+ Kf5 59. Kd5 g3 60. Rb7
Kf4 61. Rxh7 g2 62. Rg7 Kf3 63. Rxg2 Kxg2 1/2-1/2

[Event "Aeroflot Open A"]
[Site "Moscow RUS"]
[Date "2011.02.15"]
[Round "8"]
[White "Salgado Lopez, Ivan"]
[Black "Khalifman, Alexander"]
[Result "1/2-1/2"]
[WhiteTitle "GM"]
[BlackTitle "GM"]
[WhiteElo "2626"]
[BlackElo "2638"]
[WhiteFideId "2257327"]
[BlackFideId "4100115"]
[EventDate "2011.02.08"]

1. e4 c5 2. Nf3 Nc6 3. d4 cxd4 4. Nxd4 g6 5. Nc3 Bg7 6. Be3 Nf6 7. Bc4 O-O 8.
Bb3 d6 9. f3 Bd7 10. Qd2 Nxd4 11. Bxd4 b5 12. a4 a6 13. axb5 axb5 14. O-O Qc7
15. Rfd1 Bc6 16. Na2 Nd7 17. Bxg7 Kxg7 18. Qd4+ Nf6 19. Nb4 Rxa1 20. Rxa1 Ra8
21. Re1 Bd7 22. e5 dxe5 23. Rxe5 Ra1+ 24. Kf2 Rd1 25. Qc5 Rd2+ 26. Kf1 Qxc5 27.
Rxc5 h5 28. Nd5 Nxd5 29. Rxd5 Rxd5 30. Bxd5 e6 31. Bb7 g5 32. Ke2 Kf6 33. Ke3
Ke5 34. g3 h4 35. c3 hxg3 36. hxg3 Kd6 37. f4 1/2-1/2

[Event "Aeroflot Open A"]
[Site "Moscow RUS"]
[Date "2011.02.15"]
[Round "8"]
[White "Bukavshin, Ivan"]
[Black "Lysyj, Igor"]
[Result "1/2-1/2"]
[WhiteTitle "FM"]
[BlackTitle "GM"]
[WhiteElo "2458"]
[BlackElo "2635"]
[WhiteFideId "4199758"]
[BlackFideId "4150120"]
[EventDate "2011.02.08"]

1. d4 Nf6 2. c4 e6 3. Nc3 Bb4 4. Qc2 d5 5. cxd5 Qxd5 6. e3 c5 7. Bd2 Bxc3 8.
Bxc3 cxd4 9. Bxd4 Nc6 10. Bc3 O-O 11. Nf3 Rd8 12. Be2 Qe4 13. Rc1 Qxc2 14. Rxc2
Nd5 15. a3 Nxc3 16. Rxc3 Bd7 1/2-1/2

[Event "Aeroflot Open A"]
[Site "Moscow RUS"]
[Date "2011.02.15"]
[Round "8"]
[White "Bocharov, Dmitry"]
[Black "Predojevic, Borki"]
[Result "1-0"]
[WhiteTitle "GM"]
[BlackTitle "GM"]
[WhiteElo "2605"]
[BlackElo "2626"]
[WhiteFideId "4138716"]
[BlackFideId "930849"]
[EventDate "2011.02.08"]

1. d4 e6 2. c4 Nf6 3. Nc3 Bb4 4. f3 Nc6 5. a3 Bxc3+ 6. bxc3 b6 7. e4 Ba6 8. Bd3
Na5 9. Qe2 d6 10. Nh3 Qd7 11. Rb1 O-O-O 12. Nf2 e5 13. c5 Bxd3 14. Nxd3 exd4 15.
cxb6 axb6 16. cxd4 Kb7 17. O-O Ra8 18. Be3 Nc4 19. Bf2 Nxa3 20. Rb3 Qa4 21. Qb2
Nc4 22. Qc3 Na5 23. Rb4 Qc6 24. Qb2 Ra6 25. Rc1 Qd7 26. d5 Rc8 27. h3 h6 28. Rb1
Qd8 29. Ra4 Rca8 30. Qc2 Qd7 31. Ra3 Ne8 32. Rc3 R6a7 33. e5 Rb8 34. f4 Ka8 35.
Nb4 g6 36. Ra3 Qf5 37. Qc1 Rbb7 38. Rf3 Qe4 39. Re3 Qc4 40. Rc3 Qe4 41. Re3 Qc4
42. Qe1 f5 43. Rc1 Qb5 44. Qc3 Rb8 45. e6 Qc5 46. Rg3 Qxc3 47. Rcxc3 Nf6 48.
Rxg6 Ne4 49. Ra3 h5 50. Bh4 Kb7 51. Nc6 Nxc6 52. dxc6+ Ka8 53. Rxa7+ Kxa7 54.
Rg7 Rc8 55. Rd7 Kb8 56. e7 d5 57. Rd8 Nd6 58. Bf6 1-0

[Event "Aeroflot Open A"]
[Site "Moscow RUS"]
[Date "2011.02.15"]
[Round "8"]
[White "Movsesian, Sergei"]
[Black "Iturrizaga, Eduardo"]
[Result "1-0"]
[WhiteTitle "GM"]
[BlackTitle "GM"]
[WhiteElo "2721"]
[BlackElo "2611"]
[WhiteFideId "310204"]
[BlackFideId "3901211"]
[EventDate "2011.02.08"]

1. e4 c5 2. Nf3 g6 3. d4 cxd4 4. Nxd4 Nc6 5. g3 Bg7 6. Ne2 Nf6 7. Bg2 d6 8. O-O
Bd7 9. Nbc3 Rc8 10. h3 O-O 11. Re1 Ne5 12. a4 Qa5 13. Nd4 Nc4 14. Nb3 Qc7 15.
Ra2 a6 16. a5 e5 17. Bf1 Rfd8 18. Qf3 h6 19. Bxh6 Bxh6 20. Bxc4 Kg7 21. Nd5 Nxd5
22. Bxd5 Bxh3 23. g4 Rh8 24. Qxh3 Bd2 25. Qxh8+ Rxh8 26. Nxd2 Qd7 27. Ra3 Qxg4+
28. Rg3 Qf4 29. Ree3 Qh4 30. Kf1 Qh5 31. Ref3 f6 32. Ke2 Qh1 33. Nf1 Rc8 34. c4
Rh8 35. Bxb7 Rh4 36. Bd5 Rf4 37. b4 Qh5 38. b5 f5 1-0

[Event "Aeroflot Open A"]
[Site "Moscow RUS"]
[Date "2011.02.15"]
[Round "8"]
[White "Sutovsky, Emil"]
[Black "Zhao, Jun"]
[Result "1-0"]
[WhiteTitle "GM"]
[BlackTitle "GM"]
[WhiteElo "2695"]
[BlackElo "2599"]
[WhiteFideId "2802007"]
[BlackFideId "8602522"]
[EventDate "2011.02.08"]

1. e4 c5 2. Nf3 Nc6 3. Bb5 Nf6 4. Nc3 Qc7 5. O-O Nd4 6. Re1 a6 7. Bf1 e5 8. d3
Be7 9. Bg5 d6 10. Nxd4 cxd4 11. Ne2 h6 12. Bd2 O-O 13. f4 Qb6 14. Qc1 Ng4 15. f5
Ne3 16. Kh1 Bg5 17. c4 g6 18. Ng3 h5 19. Be2 h4 20. Nf1 gxf5 21. exf5 h3 22. Bf3
hxg2+ 23. Bxg2 Nxg2 24. Kxg2 Bxd2 25. Qxd2 Bxf5 26. Ng3 Bg6 27. Rf1 f6 28. Qh6
Bxd3 29. Nh5 Bxf1+ 30. Rxf1 Qc7 31. Kh1 Qh7 32. Nxf6+ Rxf6 33. Rg1+ Rg6 34.
Rxg6+ Kh8 35. Qg5 1-0

[Event "Aeroflot Open A"]
[Site "Moscow RUS"]
[Date "2011.02.15"]
[Round "8"]
[White "Kotsur, Pavel"]
[Black "Riazantsev, Alexander"]
[Result "1/2-1/2"]
[WhiteTitle "GM"]
[BlackTitle "GM"]
[WhiteElo "2559"]
[BlackElo "2689"]
[WhiteFideId "13700278"]
[BlackFideId "4125029"]
[EventDate "2011.02.08"]

1. e4 c6 2. d4 d5 3. Nd2 dxe4 4. Nxe4 Bf5 5. Ng3 Bg6 6. h4 h6 7. Nf3 Nd7 8. h5
Bh7 9. Bd3 Bxd3 10. Qxd3 e6 11. Bd2 Ngf6 12. O-O-O Be7 13. Ne4 Nxe4 14. Qxe4 Nf6
15. Qd3 c5 16. Qb5+ Qd7 17. Qxd7+ Nxd7 18. Be3 cxd4 19. Bxd4 Bf6 20. Be3 Be7 21.
b3 a6 22. Bd4 Bf6 23. c4 Ke7 24. Bb2 Rhc8 25. Ba3+ Ke8 26. Nd2 Be7 27. Bb2 Bf6
28. Ne4 Bxb2+ 29. Kxb2 Ke7 30. Rd4 Nf6 31. Rhd1 Rc7 32. Nxf6 gxf6 33. c5 Rg8 34.
g4 e5 35. Rb4 f5 36. gxf5 Rg2 37. Rd2 Kf6 38. c6 bxc6 39. Ra4 Kxf5 40. Rxa6 Kf4
41. Ra8 Rh2 42. Kc3 Rxh5 43. a4 e4 44. b4 Kf3 45. a5 Rb5 46. Kc4 Rcb7 47. Rb2
Kf4 48. a6 R7b6 49. Ra2 Rxb4+ 50. Kc5 R4b5+ 51. Kd6 c5+ 52. Kc7 Rb2 53. Ra5 R6b5
54. Rxb5 Rxb5 55. Rf8 f5 56. a7 Ra5 57. Kb6 Rxa7 58. Kxa7 c4 59. Kb6 c3 60. Kb5
e3 61. fxe3+ Kxe3 62. Rxf5 c2 63. Rf1 Kd2 64. Kc4 c1=Q+ 65. Rxc1 Kxc1 66. Kd3 1/2-1/2

[Event "Aeroflot Open A"]
[Site "Moscow RUS"]
[Date "2011.02.15"]
[Round "8"]
[White "Timofeev, Artyom"]
[Black "Shomoev, Anton"]
[Result "1/2-1/2"]
[WhiteTitle "GM"]
[BlackTitle "GM"]
[WhiteElo "2681"]
[BlackElo "2557"]
[WhiteFideId "4140419"]
[BlackFideId "4135148"]
[EventDate "2011.02.08"]

1. c4 Nf6 2. Nc3 e6 3. d4 Bb4 4. e3 O-O 5. Bd3 d5 6. Nf3 c5 7. O-O cxd4 8. exd4
dxc4 9. Bxc4 b6 10. Qe2 Bb7 11. Rd1 Bxc3 12. bxc3 Qc7 13. Bd2 Bxf3 14. gxf3 Nc6
15. a4 1/2-1/2

[Event "Aeroflot Open A"]
[Site "Moscow RUS"]
[Date "2011.02.15"]
[Round "8"]
[White "Grigoryan, Avetik"]
[Black "Kurnosov, Igor"]
[Result "1/2-1/2"]
[WhiteTitle "GM"]
[BlackTitle "GM"]
[WhiteElo "2595"]
[BlackElo "2662"]
[WhiteFideId "13302191"]
[BlackFideId "4142527"]
[EventDate "2011.02.08"]

1. d4 Nf6 2. Bg5 d5 3. Bxf6 exf6 4. e3 Bd6 5. Nd2 f5 6. Bd3 c6 7. Ne2 g6 8. c4
dxc4 9. Nxc4 Bc7 10. O-O O-O 11. Rb1 Nd7 12. b4 Nf6 13. Qc2 Be6 14. Na5 Rb8 15.
Nb3 Bd5 16. h3 Re8 17. Bc4 Be4 18. Bd3 Bd5 19. Bc4 Be4 20. Bd3 Nd5 21. Bxe4 Qd6
22. g3 Nxb4 23. Qd2 fxe4 24. Nc5 a5 25. a3 Nd5 26. Qc2 b6 27. Nxe4 Qe6 28. N4c3
Bd6 29. Nxd5 cxd5 30. Qa2 Qxh3 31. a4 Qg4 32. Qxd5 Re6 33. Nf4 Bxf4 34. exf4 Qe2
35. Qd7 Ree8 36. d5 1/2-1/2

[Event "Aeroflot Open A"]
[Site "Moscow RUS"]
[Date "2011.02.15"]
[Round "8"]
[White "Khairullin, Ildar"]
[Black "Nechepurenko, Roman V."]
[Result "1/2-1/2"]
[WhiteTitle "GM"]
[BlackTitle "FM"]
[WhiteElo "2640"]
[BlackElo "2546"]
[WhiteFideId "4151348"]
[BlackFideId "4151119"]
[EventDate "2011.02.08"]

1. Nf3 Nf6 2. c4 g6 3. Nc3 Bg7 4. e4 O-O 5. d4 c6 6. Be2 d5 7. e5 Ne4 8. O-O
Nxc3 9. bxc3 c5 10. cxd5 Qxd5 11. c4 Qd8 12. d5 Nd7 13. Bf4 Qc7 14. d6 exd6 15.
exd6 Qa5 16. Rb1 b6 17. Bg5 Bb7 18. Be7 Rfe8 19. Rb3 Qxa2 20. Re3 Bc6 21. Bd3
Ba4 22. Qe1 Bb3 23. Re4 b5 24. cxb5 Bd5 25. Re2 Qb3 26. Re3 Qb4 27. Qe2 c4 28.
Be4 Bxe4 29. Rxe4 Qxb5 30. Nd2 Rec8 31. Rb1 Qd5 32. Rxc4 Rxc4 33. Nxc4 a5 34. h3
a4 35. Na3 Be5 1/2-1/2

[Event "Aeroflot Open A"]
[Site "Moscow RUS"]
[Date "2011.02.15"]
[Round "8"]
[White "Edouard, Romain"]
[Black "Kovalenko, Igor"]
[Result "0-1"]
[WhiteTitle "GM"]
[BlackTitle "IM"]
[WhiteElo "2634"]
[BlackElo "2515"]
[WhiteFideId "633429"]
[BlackFideId "14117908"]
[EventDate "2011.02.08"]

1. e4 Nf6 2. e5 Nd5 3. d4 d6 4. Nf3 Bg4 5. Be2 e6 6. O-O Be7 7. c4 Nb6 8. h3 Bh5
9. Nc3 O-O 10. Be3 d5 11. c5 Bxf3 12. gxf3 Nc8 13. f4 Nc6 14. Qc2 Bh4 15. a3
N8e7 16. Bd3 g6 17. Kh2 f6 18. Ne2 fxe5 19. dxe5 Nf5 20. b4 a6 21. Ng1 Kh8 22.
Qe2 g5 23. fxg5 Bxg5 24. f4 Bh6 25. Bd2 Qh4 26. Qg4 Rg8 27. Qxh4 Nxh4 28. Rf2
Rg7 29. Rd1 Rag8 30. Ne2 Rg2+ 31. Rxg2 Rxg2+ 32. Kh1 Rf2 33. Be1 Rf1+ 34. Ng1
Rxf4 35. Bd2 Nxe5 36. Bxf4 Bxf4 37. Bc2 Nc4 38. Rf1 e5 39. Bd3 Nd2 40. c6 bxc6
41. Rd1 Kg7 42. a4 Kf6 43. Rc1 Nc4 44. Rc2 Nf5 45. Bxc4 Ne3 46. Bd3 Nxc2 47.
Bxc2 Bd2 48. Bxh7 e4 49. h4 Bxb4 50. Kg2 c5 51. h5 Bd2 52. Kf1 c4 53. Ke2 Bh6
54. Nh3 Ke5 55. Nf2 Kf4 56. Nh3+ Ke5 57. Nf2 Kd4 58. Ng4 Bg7 59. h6 Bh8 60. Ne3
c6 61. Bg6 a5 62. Be8 Kc5 63. h7 c3 64. Ng4 Kb4 65. Ne3 d4 66. Bxc6 dxe3 67.
Bxe4 Kb3 0-1

[Event "Aeroflot Open A"]
[Site "Moscow RUS"]
[Date "2011.02.15"]
[Round "8"]
[White "Oleksienko, Mikhailo"]
[Black "Kotronias, Vasilios"]
[Result "1/2-1/2"]
[WhiteTitle "GM"]
[BlackTitle "GM"]
[WhiteElo "2552"]
[BlackElo "2599"]
[WhiteFideId "4152417"]
[BlackFideId "5900212"]
[EventDate "2011.02.08"]

1. e4 c5 2. Nf3 Nc6 3. d4 cxd4 4. Nxd4 Nf6 5. Nc3 e5 6. Ndb5 d6 7. Bg5 a6 8. Na3
b5 9. Nd5 Be7 10. Bxf6 Bxf6 11. c4 b4 12. Nc2 a5 13. g3 Bg5 14. h4 Bh6 15. Bh3
Bxh3 16. Rxh3 O-O 17. Kf1 Ne7 18. Kg2 Rc8 19. b3 Nxd5 20. Qxd5 Rc5 21. Qd3 f5
22. Rd1 fxe4 23. Qxd6 Qc8 24. Qd7 Qa8 25. Ne3 Bxe3 26. fxe3 a4 27. Rh2 axb3 28.
axb3 h5 29. Kh3 Kh7 30. Rhd2 Rc6 31. Rd5 Qe8 32. Qxe8 Rxe8 33. Rd6 Rxd6 34. Rxd6
Rf8 35. Rb6 Rf3 36. Rxb4 Rxe3 37. c5 Rc3 38. Rc4 Rxb3 39. c6 Rb8 40. Rxe4 Rc8
41. Rc4 Rc7 42. Kg2 Kg6 43. Kf3 Kf5 44. Ke3 g6 45. Rc5 Ke6 46. Ke4 Kd6 47. Rd5+
Kxc6 48. Rxe5 Kd6 49. Rg5 Re7+ 50. Kf4 Rf7+ 51. Ke4 1/2-1/2

[Event "Aeroflot Open A"]
[Site "Moscow RUS"]
[Date "2011.02.15"]
[Round "8"]
[White "Alsina Leal, Daniel"]
[Black "Bluvshtein, Mark"]
[Result "1/2-1/2"]
[WhiteTitle "GM"]
[BlackTitle "GM"]
[WhiteElo "2531"]
[BlackElo "2590"]
[WhiteFideId "2252627"]
[BlackFideId "2603608"]
[EventDate "2011.02.08"]

1. e4 e5 2. Nf3 Nc6 3. Bb5 Nf6 4. O-O Nxe4 5. d4 Nd6 6. dxe5 Nxb5 7. a4 Nbd4 8.
Nxd4 Nxd4 9. Qxd4 d5 10. exd6 Qxd6 11. Qe3+ Be7 12. Re1 Be6 13. Nc3 c6 14. Ne4
Qc7 15. Nc5 Bxc5 16. Qxc5 b6 17. Qa3 c5 18. a5 O-O 19. axb6 Qxb6 20. Be3 Rfc8
21. Qc3 Qb4 22. Qe5 Qc4 23. c3 Rc6 24. Ra5 f6 25. Qg3 Qb3 26. Rxc5 Rxc5 27. Bxc5
Qxb2 28. h3 Bf7 29. Bd4 Qb8 30. Qxb8+ Rxb8 31. Bxa7 Rb7 32. Bd4 Bd5 33. g4 Kf7
34. Kh2 Kg6 35. Ra1 Kf7 36. Kg3 Be6 37. h4 h6 38. Kf4 Rc7 39. g5 fxg5+ 40. hxg5
hxg5+ 41. Kxg5 Bc4 42. f4 g6 43. Rh1 Rc6 44. Rh7+ Ke6 45. Rh3 Kf7 46. Re3 Be6
47. Re2 Bf5 48. Rb2 Ke6 49. Rb5 Bd3 50. Re5+ Kf7 51. Bc5 Rc7 52. Bd4 Rc6 53. Rd5
Be4 54. Rd7+ Ke6 55. Rg7 Kd5 56. Bf6 Bf5 57. Rg8 Bc2 58. Rd8+ Ke6 59. Re8+ Kd5
60. Re5+ Kd6 61. Be7+ Kd7 62. Bb4 Rc4 63. Re7+ Kd8 64. Rg7 Ke8 65. Re7+ Kd8 66.
Re2 Bf5 67. Be7+ Kd7 68. Bf6 Rc6 69. Re7+ Kd6 70. Ra7 Ke6 71. Ra4 Kd5 72. Rd4+
Ke6 73. Rb4 Bd3 74. Be5 Bf5 75. Bd4 Bd3 76. Rb8 Kf7 77. Rb7+ Ke6 78. Rg7 Kd5 79.
Re7 Re6 80. Ra7 Rc6 81. Be5 Bf5 82. Re7 Bc2 83. Bf6 Kd6 84. Re2 Bf5 85. Be7+ Kd7
86. Bb4 Rc4 87. Re5 Bc2 88. Re2 1/2-1/2

[Event "Aeroflot Open A"]
[Site "Moscow RUS"]
[Date "2011.02.15"]
[Round "8"]
[White "Felgaer, Ruben"]
[Black "Zhigalko, Andrey"]
[Result "1-0"]
[WhiteTitle "GM"]
[BlackTitle "GM"]
[WhiteElo "2585"]
[BlackElo "2566"]
[WhiteFideId "107069"]
[BlackFideId "13502247"]
[EventDate "2011.02.08"]

1. e4 c5 2. Nf3 d6 3. d4 cxd4 4. Nxd4 Nf6 5. Nc3 a6 6. Be3 e6 7. g4 h6 8. Bg2 g5
9. h3 Nbd7 10. Qe2 Ne5 11. f4 gxf4 12. Bxf4 Bd7 13. Rf1 Rc8 14. Nf3 Nc4 15. e5
Nxb2 16. Bd2 Rxc3 17. Bxc3 Bb5 18. Qe3 Nd5 19. Qd4 Nxc3 20. Qxc3 Na4 21. Qd4 d5
22. Qf4 Bc5 23. Rb1 Rf8 24. Rb3 Qa5+ 25. Nd2 Nc3 26. Rf3 Ne4 27. Kd1 Nxd2 28.
Qxd2 Qxd2+ 29. Kxd2 Bd4 30. a4 Bc6 31. Rf1 Kd7 32. Rbf3 Ke7 33. Re1 Bxa4 34. Rf4 1-0

[Event "Aeroflot Open A"]
[Site "Moscow RUS"]
[Date "2011.02.15"]
[Round "8"]
[White "Deviatkin, Andrei"]
[Black "Jumabayev, Rinat"]
[Result "1/2-1/2"]
[WhiteTitle "GM"]
[BlackTitle "GM"]
[WhiteElo "2573"]
[BlackElo "2555"]
[WhiteFideId "4121260"]
[BlackFideId "13702661"]
[EventDate "2011.02.08"]

1. e4 e6 2. d4 d5 3. Nc3 Nf6 4. Bg5 dxe4 5. Bxf6 gxf6 6. Nxe4 f5 7. Ng3 c5 8.
Nf3 Nc6 9. dxc5 Bxc5 10. Qxd8+ Kxd8 11. Bb5 Bd7 12. Nh5 Ke7 13. Rd1 Rhd8 14. O-O
Ne5 15. Bxd7 Nxf3+ 16. gxf3 Rxd7 17. Rxd7+ Kxd7 18. Rd1+ Ke7 19. Kf1 Rc8 20. c3
b5 21. Ke2 Rg8 22. Nf4 Bd6 23. Nd3 Rg2 24. h3 e5 25. b4 Rg8 26. a4 a6 27. axb5
axb5 28. Ra1 e4 29. Nb2 Rc8 30. Nd1 Be5 31. Ra3 Kf6 32. Ra6+ Kg5 33. Ra5 exf3+
34. Kxf3 Bxc3 35. Rxb5 Bd2 36. Rb7 Rc4 37. b5 Rb4 38. Rd7 Rb3+ 39. Kg2 Bf4 40.
Rxf7 h5 41. Rb7 Rd3 42. Ne3 Bxe3 43. fxe3 Rxe3 44. Rc7 Rb3 45. Rc5 h4 46. Rc8
Rxb5 47. Ra8 Rb2+ 48. Kf3 Rb3+ 49. Kg2 Kf4 50. Ra4+ Ke3 51. Rxh4 f4 52. Rh8 Rb2+
53. Kg1 Rb1+ 54. Kh2 f3 55. Re8+ Kf2 56. Ra8 Ke1 57. Kg3 f2 58. Re8+ Kf1 59. h4
Kg1 60. Rf8 f1=Q 61. Rxf1+ Kxf1 62. Kg4 Kf2 63. h5 Ke3 64. h6 Ke4 65. Kg5 Ke5
66. h7 Rg1+ 67. Kh6 Rh1+ 68. Kg7 Rxh7+ 69. Kxh7 1/2-1/2

[Event "Aeroflot Open A"]
[Site "Moscow RUS"]
[Date "2011.02.15"]
[Round "8"]
[White "Hess, Robert L"]
[Black "Mekhitarian, Krikor Sevag"]
[Result "1-0"]
[WhiteTitle "GM"]
[BlackTitle "GM"]
[WhiteElo "2572"]
[BlackElo "2528"]
[WhiteFideId "2022036"]
[BlackFideId "2107660"]
[EventDate "2011.02.08"]

1. d4 Nf6 2. Nf3 e6 3. c4 b6 4. g3 Bb7 5. Bg2 Be7 6. O-O O-O 7. d5 exd5 8. Nh4
c6 9. cxd5 Nxd5 10. Nf5 Nc7 11. e4 d5 12. Nc3 Nd7 13. Re1 Bf6 14. Nd6 Ba6 15.
exd5 Nc5 16. dxc6 Nd3 17. Nb7 Qd4 18. Be3 Qb4 19. Qb3 Qxb3 20. axb3 Nxe1 21.
Rxe1 Rfe8 22. Ra1 Bd3 23. Rd1 Bf5 24. Nd6 Re5 25. Nxf5 Rxf5 26. Rd7 Rc8 27. Ne4
Ne8 28. Nxf6+ Rxf6 29. Rxa7 Rfxc6 30. Bxc6 Rxc6 31. Rb7 Nd6 32. Rb8+ Rc8 33.
Rxb6 Nf5 34. Bc5 h5 35. b4 Kh7 36. Kf1 f6 37. Ke2 Kg6 38. Kd3 Rd8+ 39. Kc4 h4
40. gxh4 1-0

[Event "Aeroflot Open A"]
[Site "Moscow RUS"]
[Date "2011.02.15"]
[Round "8"]
[White "Papin, Vasily"]
[Black "Fedoseev, Vladimir3"]
[Result "1/2-1/2"]
[WhiteTitle "IM"]
[BlackTitle "IM"]
[WhiteElo "2568"]
[BlackElo "2505"]
[WhiteFideId "4143183"]
[BlackFideId "24130737"]
[EventDate "2011.02.08"]

1. d4 Nf6 2. c4 e6 3. Nf3 d5 4. Nc3 dxc4 5. e4 Bb4 6. Bg5 h6 7. Bxf6 Qxf6 8. e5
Qd8 9. Qa4+ Nc6 10. Bxc4 Bd7 11. Qc2 Na5 12. Be2 c5 13. Rd1 cxd4 14. Rxd4 Nc6
15. Rg4 Qa5 16. O-O Bxc3 17. bxc3 g6 18. Ra4 Qc7 19. Rc4 Qa5 20. Rb1 Rb8 21. Qd2
Rd8 22. Qf4 Qxa2 23. Re1 Ne7 24. Qf6 Rh7 25. Rd4 Nd5 26. Qh4 Nxc3 27. Bf1 Nd5
28. Ng5 hxg5 29. Qxh7 Qa3 30. h4 gxh4 31. Qxh4 Bc6 32. Red1 Qe7 33. Qh3 1/2-1/2

[Event "Aeroflot Open A"]
[Site "Moscow RUS"]
[Date "2011.02.15"]
[Round "8"]
[White "Savchenko, Boris"]
[Black "Danin, Alexandre"]
[Result "1-0"]
[WhiteTitle "GM"]
[BlackTitle "IM"]
[WhiteElo "2637"]
[BlackElo "2538"]
[WhiteFideId "4147332"]
[BlackFideId "4144031"]
[EventDate "2011.02.08"]

1. Nc3 d5 2. d4 Nf6 3. Bg5 e6 4. e4 Be7 5. e5 Nfd7 6. Bxe7 Qxe7 7. f4 O-O 8. Nf3
c5 9. Qd2 Nc6 10. dxc5 Nxc5 11. O-O-O a6 12. Qe3 b5 13. Kb1 b4 14. Ne2 a5 15.
Ned4 Nxd4 16. Nxd4 Bd7 17. Bd3 a4 18. Rd2 b3 19. a3 bxc2+ 20. Bxc2 Rfb8 21. g4
Rb6 22. Ka1 Rab8 23. Rb1 Bb5 24. h4 Bc4 25. h5 Qb7 26. Rg2 Qa7 27. f5 Rb3 28.
Qf4 Rh3 29. f6 Qa5 30. Rg3 Rxg3 31. Qxg3 Qd2 32. Rd1 Qg5 33. Nc6 Rb6 34. Ne7+
Kf8 35. Qc3 gxf6 36. Qa5 Nd7 37. Nc8 Rb7 38. Qd8+ Kg7 39. Nd6 Rxb2 40. h6+ 1-0

[Event "Aeroflot Open A"]
[Site "Moscow RUS"]
[Date "2011.02.15"]
[Round "8"]
[White "Mareco, Sandro"]
[Black "Novikov, Stanislav"]
[Result "1/2-1/2"]
[WhiteTitle "GM"]
[BlackTitle "GM"]
[WhiteElo "2627"]
[BlackElo "2568"]
[WhiteFideId "112275"]
[BlackFideId "4125371"]
[EventDate "2011.02.08"]

1. d4 Nf6 2. c4 g6 3. Nc3 Bg7 4. e4 d6 5. Nf3 O-O 6. h3 Na6 7. Bg5 Qe8 8. Be2 e5
9. dxe5 dxe5 10. O-O Nh5 11. Re1 c6 12. Bf1 h6 13. Be3 Qe7 14. Qa4 Nf4 15. Rad1
g5 16. Nh2 Ne6 17. Ne2 Re8 18. Nf3 Nac5 19. Qc2 a5 20. Ng3 Nf4 21. Nh2 Be6 22.
Nf5 Bxf5 23. exf5 e4 24. Bxc5 Qxc5 25. Rxe4 Rxe4 26. Qxe4 Nh5 27. Ng4 Nf6 28.
Nxf6+ Bxf6 29. Rd7 Rb8 30. Be2 b5 31. Rc7 Qe5 32. Qxc6 Rf8 33. Bf1 bxc4 34. Bxc4
Qe1+ 35. Bf1 Bd4 36. Qc2 Re8 37. Rd7 Re4 38. g3 Bb6 39. Kg2 Re7 40. Rd6 Rc7 41.
Qe2 Qxe2 42. Bxe2 Bc5 43. Rxh6 Bd4 44. Ra6 Rc5 45. Bd3 Kg7 46. b3 Rc3 47. Be4
Rc5 48. Kf3 Rc3+ 49. Ke2 Rc5 50. Rd6 Be5 51. Rd5 Rxd5 52. Bxd5 Bd4 53. h4 gxh4
54. gxh4 f6 55. h5 Be5 56. Kd3 Bf4 57. Kc4 Bd2 58. Kb5 Kf8 59. a3 Ke7 60. h6
Bxh6 61. Kxa5 Kd6 62. Be4 Kc7 63. b4 Bc1 64. a4 Bd2 65. Kb5 Be1 66. a5 Bc3 67.
Ka4 Kd6 68. Kb5 Kc7 69. Bg2 Be1 70. Bh1 Bc3 71. Ka4 Kd6 72. Kb5 Kc7 73. Kc4 Be1
74. Bg2 Kd6 75. Kb5 Kc7 76. Bf1 Bc3 77. Ka4 Kd6 78. b5 Kc5 79. b6 Bd2 80. Be2
Bc3 81. Bb5 Bd2 82. Be8 Bc3 83. b7 Be5 84. Kb3 Bb8 85. Kc3 Kd6 86. Bf7 Kc7 87.
Bd5 1/2-1/2

[Event "Aeroflot Open A"]
[Site "Moscow RUS"]
[Date "2011.02.15"]
[Round "8"]
[White "Mamedov, Nidjat"]
[Black "Ju, Wenjun"]
[Result "1/2-1/2"]
[WhiteTitle "GM"]
[BlackTitle "WGM"]
[WhiteElo "2580"]
[BlackElo "2514"]
[WhiteFideId "13400819"]
[BlackFideId "8603006"]
[EventDate "2011.02.08"]

1. Nf3 Nf6 2. c4 g6 3. Nc3 Bg7 4. e4 d6 5. d4 O-O 6. Be2 e5 7. Be3 Na6 8. d5 Nh5
9. Nd2 f5 10. exf5 Nf4 11. Bxf4 exf4 12. fxg6 hxg6 13. O-O Nc5 14. Rc1 Bf5 15.
Nf3 a5 16. Nd4 Bxd4 17. Qxd4 Qg5 18. Rce1 Rf7 19. f3 Rh7 20. Qf2 Rf8 21. Ne4
Nxe4 22. fxe4 Bxe4 23. Bg4 Bf5 24. Bxf5 Qxf5 25. Re6 b6 26. Rfe1 Qh5 27. h3 Rhf7
28. Qf3 Qxf3 29. gxf3 Kg7 30. Kg2 Rh8 31. Re7 Rh5 32. R1e4 g5 33. Re8 Kf6 34.
R4e6+ Kf5 35. a3 Rhh7 36. b3 Rf6 37. R6e7 Rff7 38. Re6 Rf6 39. R6e7 Rff7 40. Re1
Kg6 41. b4 axb4 42. axb4 Rhg7 43. R1e6+ 1/2-1/2